000 00445nam a2200181Ia 4500
003 GCL
008 140319s9999 xx 000 0 eng d
040 _aGCL /
_cGCL
082 0 4 _a708.4
_bC G
100 1 _aCHAINE, CATHERINE
245 1 0 _aLE GRAND LOUVRE DU DONJON ALA PYRAMIDE /
_cCHAINE, CATHERINE
260 _a[S.N] :
_bHATIER
300 _a203 P
650 0 4 _aMUSEUMS
650 0 4 _aARTS
650 0 4 _aLOUVER MUSEUME
942 _2ddc
_cBK
999 _c17532
_d17532